Biblioteca

Juan Calvino - su enseñanza sobre la eucaristía (Registro nro. 62662)

Detalles MARC
000 -LÍDER
Campo fijo de descripción fija 006010000a22001330004500
100 1# - ASIENTO PRINCIPAL--NOMBRE PERSONAL
Nombre personal Godfrey, W. Robert
245 10 - TÍTULO
Título del Material Juan Calvino - su enseñanza sobre la eucaristía
300 ## - DESCRIPCIÓN FÍSICA
Extensión Vol.9, núm.2 (2007), Páginas 68-75
500 ## - NOTA GENERAL
Nota General Este artículo fue originalmente publicado en la revista Modern Reformation correspondiente a los meses de Mayo-Junio de 1997. Traducido con permiso. Traducción de Donald Herrera Terán para Reforma Siglo XXI.
650 14 - ASIENTO SECUNDARIO DE MATERIA - TERMINO TEMÁTICO
Término temático o nombre geográfico como elemento de entrada CALVINO-EUCARISTÍA
773 0# - HOST ITEM ENTRY
Title Reforma Siglo 21
942 ## - TIPO DE MATERIAL (KOHA)
Tipo de Item KOHA Artículos de Revista
Existencias
Estado de Material Estado de Perdido Estado de Dañado No para Préstamo Colección Biblioteca de Origen Biblioteca Permanente Fecha de Adquisición Total de Préstamos Signatura Topográfica Última vez visto Fecha de Remplazo Tipo de Material
        Colección de Hemeroteca Biblioteca FUSBC Biblioteca FUSBC 26/01/2016   26/01/2016 26/01/2016 Artículos de Revista

Biblioteca FUSBC | Teléfono: (57+4) 349 88 10 Ext. 141| WhatsApp (+57) 3005338115 
E-mail: biblioteca@unisbc.edu.co | Calle 76 87-14 Robledo Palenque, Medellín, Colombia

Con tecnología Koha